Alphabet Breadcrumb Trail #6 - Statistics

General Stats
  • This quiz has been taken 4,222 times
  • The average score is 16 of 26
Answer Stats
Hint Answer % Correct
L Titanic star Leonardo
90%
G Sport that's "a good walk spoiled" Golf
86%
I Artist L's nationality Italian
82%
M Friends friend Monica
82%
P An average G score Par
81%
C An E Hotel? California
77%
S With M, a city in C Santa
77%
X S's delivery day Xmas
72%
J Cheerful, like S Jolly
69%
R O star's first name Roger
69%
Y X season Yule
66%
O 13th James Bond film Octopussy
64%
B Person under the U Brit
63%
E G shots two under P Eagles
63%
V I beach in C? Venice
63%
D Synonym of S's evil anagram Devil
62%
Z How a B says this clue's letter Zed
58%
F What the J R is Flag
53%
H City (in A) anagram of HOT BAR Hobart
52%
Q Rhymes with B Quit
51%
U United Kingdom's F Union Jack
49%
A T + D locale Australia
46%
T H resident Tasmanian
42%
N Cartoon neighbor of H's final 4 Ned
37%
K Outlaw N from A Kelly
23%
W R's two-way-radio partner Wilco
12%
No matching quizzes found
Score Distribution
Percent of People with Each Score
Percentile by Number Answered
Your Score History
You have not taken this quiz